| 000 | 01590 a2200217 4500 | ||
|---|---|---|---|
| 001 | 25432 | ||
| 005 | 20260407155538.0 | ||
| 008 | 260407a2002 arg spa d | ||
| 003 | AR-UNSa-BCEJYS | ||
| 040 |
_aAR-UNSa-BCEJYS _bspa _cAR-UNSa-BCEJYS |
||
| 080 |
_a657.05 _xContabilidad de gestión (Contabilidad gerencial, control de gestión...) |
||
| 245 | 1 | 0 |
_aContabilidad y gestión _pun enfoque sistémico de la información para la acción |
| 020 | _a950-537-569-7 | ||
| 264 | 1 |
_aBuenos Aires : _bEdiciones Macchi _c2002 |
|
| 300 |
_a216 p. _c22 cm. |
||
| 505 | _aParte I: Los conceptos básicos de la contabilidad gerencial: 1. Palabras iniciales - 2. Primeras definiciones - 3. Breve esquema histórico - 4. Contabilidad, contabilidad patrimonial y contabilidad gerencial - 5. Los modelos de la empresa, de la contabilidad y de sus dos ramas - 6. La contabilidad gerencial como actitud profesional - 7. La evolución de las ideas a trvés de algunas citas bibliográficas - 8. Hacia un decálogo de la gestión y de la contabilidad que le sirve - Parte II: Los instrumentos del control de gestión : 9. El enfoque sistémico del control de gestión - 10. Teoría de las restricciones(theory of Constrainsts, TOC)- 11. El enfoque ABC - 12. Creación y medición del valor en las organizaciones - 13. Los activos inmateriales - 14. El tablero de comando balanceado. | ||
| 942 | _cBK | ||
| 590 | _aniveau_biblio:m niveau_hierar:0 | ||
| 100 | 1 | _aHerrscher, Enrique G. | |
| 856 | 4 | 1 |
_uhttps://biblioeco.unsa.edu.ar/pmb/images/libros/Contabilidad y Gestion.jpg _yImagen de portada _qimage/jpeg |
| 999 |
_c1382 _d1382 |
||